Konflikty a vyjednávání : umění vyhrávat, aniž by někdo prohrál /
Uložené v:
| Hlavný autor: | |
|---|---|
| Médium: | Kniha |
| Jazyk: | Czech |
| Vydané: |
Praha :
Grada,
2009.
|
| Vydanie: | 2., aktualiz. vyd. |
| Edícia: | Děti a sport
|
| Témy: | |
| ISBN: |
9788024729442 (brož.) |
| Fyzický popis: |
136 s. : il. ; 21 cm. |
| Tagy: |
Pridať tag
Žiadne tagy, Buďte prvý kto otaguje tento záznam!
|
Titul je dostupný aj v ... 

MARC
| LEADER | 00000nam a2200000 a 4500 | ||
|---|---|---|---|
| 001 | 000346113 | ||
| 005 | 20090506081436.0 | ||
| 008 | 090212s2009 xr a g f 001 0 cze d | ||
| 020 | |a 9788024729442 (brož.) | ||
| 040 | |a SVKKK |b slo |c SVKKK |e AACR2 | ||
| 041 | 0 | |a cze | |
| 044 | |a xr |c CZ | ||
| 072 | 7 | |a 316.4/.7 |x Sociálne interakcie |2 konspekt | |
| 080 | |a 005.574 |2 2001 | ||
| 080 | |a 316.776 |2 2001 | ||
| 080 | |a (035) |2 2001 | ||
| 100 | 1 | |a Plamínek, Jiří, |d 1958- | |
| 245 | 1 | 0 | |a Konflikty a vyjednávání : |b umění vyhrávat, aniž by někdo prohrál / |c Jiří Plamínek. |
| 250 | |a 2., aktualiz. vyd. | ||
| 260 | |a Praha : |b Grada, |c 2009. | ||
| 300 | |a 136 s. : |b il. ; |c 21 cm. | ||
| 490 | 1 | |a Poradce pro praxi | |
| 504 | |a Bibliografia: s. 126-129 | ||
| 650 | 0 | 7 | |a manažment konfliktov |2 SVKKKPH |
| 650 | 0 | 7 | |a vyjednávanie |2 SVKKKPH |
| 655 | 7 | |a príručky |2 SVKKKPH | |
| 830 | 0 | |a Děti a sport | |
| 910 | |a svkkk | ||
| 919 | |a 978-80-247-2944-2 | ||
| 998 | |a BK | ||
| 090 | |g SCKHL |k Sklad Hlavná 10 prízemie |a III.212534 |j 1005823 |i 2720169980 |s Absenčne | ||
| 090 | |g SCKHL |k Sklad Hlavná 10 prízemie |a III.212535 |j 1005824 |i 2720169981 |s Absenčne | ||
| 090 | |g SCKHL |k Sklad Hlavná 10 prízemie |a III.217623 |j 1021200 |i 2720200480 |s Absenčne | ||
| 090 | |g SCKHL |k Sklad Hlavná 10 prízemie |a III.217624 |j 1021201 |i 2720200481 |s Absenčne | ||